Guns, germs, and steel : (Record no. 1186)

000 -LEADER
fixed length control field 01153nam a22003377a 4500
001 - CONTROL NUMBER
control field 14183437
003 - CONTROL NUMBER IDENTIFIER
control field OSt
005 - DATE AND TIME OF LATEST TRANSACTION
control field 20210426115323.0
008 - FIXED-LENGTH DATA ELEMENTS--GENERAL INFORMATION
fixed length control field 051129s1999 nyuab b 001 0 eng
010 ## - LIBRARY OF CONGRESS CONTROL NUMBER
LC control number 2005284124
020 ## - INTERNATIONAL STANDARD BOOK NUMBER
International Standard Book Number 0393317552 (pbk.)
040 ## - CATALOGING SOURCE
Original cataloging agency DLC
Transcribing agency DLC
Modifying agency DLC
050 00 - LIBRARY OF CONGRESS CALL NUMBER
Classification number HM206
Item number .D48 1999
080 ## - UNIVERSAL DECIMAL CLASSIFICATION NUMBER
Universal Decimal Classification number 001
Item number D-53
082 00 - DEWEY DECIMAL CLASSIFICATION NUMBER
Classification number 303.4
Edition number 22
100 1# - MAIN ENTRY--PERSONAL NAME
Personal name Diamond, Jared M.
245 10 - TITLE STATEMENT
Title Guns, germs, and steel :
Remainder of title the fates of human societies /
Statement of responsibility, etc. Jared Diamond ; [with a new afterword about the modern world].
260 ## - PUBLICATION, DISTRIBUTION, ETC.
Place of publication, distribution, etc. New York :
Name of publisher, distributor, etc. Norton,
Date of publication, distribution, etc. 1999.
300 ## - PHYSICAL DESCRIPTION
Extent 494 p. :
Other physical details ill., maps ;
Dimensions 24 cm.
500 ## - GENERAL NOTE
General note Afterword dated 2003: cf. p. 426.
504 ## - BIBLIOGRAPHY, ETC. NOTE
Bibliography, etc. note Includes bibliographical references (p. 442-471) and index.
650 #0 - SUBJECT ADDED ENTRY--TOPICAL TERM
Topical term or geographic name entry element Social evolution.
650 #0 - SUBJECT ADDED ENTRY--TOPICAL TERM
Topical term or geographic name entry element Civilization
General subdivision History.
650 #0 - SUBJECT ADDED ENTRY--TOPICAL TERM
Topical term or geographic name entry element Ethnology.
650 #0 - SUBJECT ADDED ENTRY--TOPICAL TERM
Topical term or geographic name entry element Human beings
General subdivision Effect of environment on.
650 #0 - SUBJECT ADDED ENTRY--TOPICAL TERM
Topical term or geographic name entry element Culture diffusion.
653 ## - INDEX TERM--UNCONTROLLED
Uncontrolled term მეცნიერება
906 ## - LOCAL DATA ELEMENT F, LDF (RLIN)
a 7
b cbc
c origcop
d 1
e ncip
f 20
g y-gencatlg
942 ## - ADDED ENTRY ELEMENTS (KOHA)
Source of classification or shelving scheme
Koha item type Books
Holdings
Withdrawn status Lost status Source of classification or shelving scheme Damaged status Not for loan Permanent location Current location Date acquired Inventory number Total Checkouts Full call number Barcode Date last seen Price effective from Koha item type
          Ken Walker International University Ken Walker International University 02/04/2021 383   001 D-53 383 02/04/2021 02/04/2021 Books

Powered by Koha